000 00832nem a2200253 i 4500
001 bg
245 0 0 _aŚwiat - atlas geograficzny /
_cWydawnictwo Kartograficzne Mapy Ścienne Beata Piętka ; red. Jan Bednarczyk, kartograf Alina Głód.
260 _aKatowice :
_bWydawnictwo Kartograficzne "Mapy Ścienne" Beata Piętka,
_c2008.
300 _a318 s. :
_bfot. kolor., mapy, rys., wykr. ;
_c31 cm.
504 _aIndeks.
650 9 _aŚwiat
655 _aMapy
700 1 _aGłód, Alina.
700 1 _aBednarczyk, Jan.
_eRed.
020 _a8373453296
040 _cBPK
041 0 _apol
044 _aPOL
080 _a912(100)
920 _a83-7345-300-8
942 _cMP
008 s pl f |000 0 pol
999 _c49210
_d49210
856 _uhttp://koha.tu.koszalin.pl/cgi-bin/koha/opac-detail.pl?biblionumber=49210
_yKatalog online BPK